[Event "PER-ch 46th"]
[Site "Lima"]
[Date "1998.??.??"]
[Round "8"]
[White "Gonzales, Manuel"]
[Black "Carbajal, Augusto"]
[Result "1-0"]
[WhiteElo "2310"]
[BlackElo "2240"]
[PlyCount "75"]
[EventDate "1998.??.??"]
[EventType "tourn"]
[EventRounds "8"]
[EventCountry "PER"]
[SourceTitle "EXT 2001"]
[Source "ChessBase"]
[SourceDate "2000.11.22"]
[SourceVersion "1"]
[SourceVersionDate "2000.11.22"]
[SourceQuality "1"]

1. e4 e5 2. Nf3 Nf6 3. Nc3 Bb4 4. Nd5 Nxd5 5. exd5 e4 6. Qe2 0-0 7. Nd4 d6 8. Nb3 Re8 9. a3 Bc5 10. Nxc5 dxc5 11. Qc4 c6 12. Qxc5 cxd5 13. Bb5 Re5 14. Qd4 Qe7 15. b4 Bd7 16. Bb2 f6 17. Bxd7 Qxd7 18. Qc5 b6 19. Qe3 Re6 20. 0-0 Nc6 21. Rae1 f5 22. d3 Rae8 23. Qf4 Ne7 24. dxe4 dxe4 25. f3 e3 26. Rxe3 Ng6 27. Qxf5 Qf7 28. Qxf7+ Kxf7 29. Rxe6 Rxe6 30. g3 Rc6 31. Rf2 Ne7 32. Rd2 Nc8 33. Rd7+ Ke6 34. Rxg7 Rxc2 35. Bd4 Nd6 36. Rxh7 Nb5 37. Bf2 Ra2 38. f4 1-0

[Event "PER-ch sf"]
[Site "Lima"]
[Date "1998.??.??"]
[Round "5"]
[White "Gonzales, Manuel"]
[Black "Ledesma, Otoniel"]
[Result "1-0"]
[WhiteElo "2305"]
[BlackElo "2270"]
[PlyCount "97"]
[EventDate "1998.??.??"]
[EventType "swiss"]
[EventRounds "11"]
[EventCountry "PER"]
[SourceTitle "EXT 2000"]
[Source "ChessBase"]
[SourceDate "1999.11.16"]
[SourceVersion "1"]
[SourceVersionDate "1999.11.16"]
[SourceQuality "1"]

1. e4 c5 2. g3 Nc6 3. Bg2 g6 4. Nf3 Bg7 5. 0-0 Nf6 6. d3 0-0 7. Re1 d5 8. e5 Ng4 9. Bf4 Qb6 10. Nc3 d4 11. Na4 Qb5 12. b3 f6 13. exf6 exf6 14. Bd6 Rd8 15. Bxc5 b6 16. Nxd4 Nxd4 17. c4 Qd7 18. Bd5+ Qxd5 19. cxd5 bxc5 20. Nxc5 Ne5 21. Ne6 Ndf3+ 22. Kh1 Rxd5 23. Nc7 Nxe1 24. Qxe1 Rxd3 25. Nxa8 Bb7+ 26. f3 Bxf3+ 27. Kg1 Bxa8 28. Qb4 Bf8 29. Qb8 Be4 30. Kf2 Rf3+ 31. Ke2 Bd3+ 32. Kd2 Bf5 33. a4 a5 34. Rc1 Nd7 35. Qa8 Rf2+ 36. Ke3 Rxh2 37. Rc7 Kf7 38. Qd5+ Ke8 39. Qa8+ Ke7 40. Qxa5 Bh6+ 41. Kf3 Rd2 42. Qb4+ Kf7 43. a5 Be6 44. g4 f5 45. gxf5 gxf5 46. a6 Kf6 47. Rxd7 Rxd7 48. a7 Bd2 49. Qf8+ 1-0

[Event "PER-ch"]
[Site "Lima"]
[Date "1994.??.??"]
[Round "8"]
[White "Gonzales, Manuel"]
[Black "Pesantes Carbajal, Carlos"]
[Result "0-1"]
[WhiteElo "2265"]
[BlackElo "2280"]
[PlyCount "88"]
[EventDate "1994.??.??"]
[EventType "tourn"]
[EventRounds "11"]
[EventCountry "PER"]
[EventCategory "6"]
[SourceTitle "EXT 1997"]
[Source "ChessBase"]
[SourceDate "1996.11.15"]
[SourceVersion "1"]
[SourceVersionDate "1996.11.15"]
[SourceQuality "1"]

1. d4 Nf6 2. c4 g6 3. Nc3 Bg7 4. e4 d6 5. h3 0-0 6. Bg5 c5 7. d5 e6 8. Bd3 Na6 9. Nf3 exd5 10. cxd5 Nb4 11. Bb1 Rb8 12. 0-0 b5 13. Re1 Rb6 14. a3 Na6 15. a4 Nc7 16. Qd2 bxa4 17. Rxa4 Ba6 18. Bh6 Re8 19. Bxg7 Kxg7 20. Nd1 Qb8 21. e5 dxe5 22. d6 Ne6 23. Rh4 Qxd6 24. Qh6+ Kg8 25. Nxe5 Nf8 26. Qe3 N6d7 27. Re4 Nf6 28. Nxf7 Rxe4 29. Nh6+ Kg7 30. Bxe4 Nxe4 31. Ng4 h5 32. Qh6+ Kg8 33. Nh2 Qd2 34. Qe3 Qxe3 35. Rxe3 Bb7 36. Nf3 Rd6 37. Re1 Nd7 38. Ne3 Nd2 39. Nh4 Kf7 40. Ra1 a6 41. Rd1 Rd4 42. Kh1 Ne5 43. f4 Nec4 44. Nxc4 Nxc4 0-1

[Event "PER-sf"]
[Site "Peru"]
[Date "1994.??.??"]
[Round "2"]
[White "Gonzales, Manuel"]
[Black "Robbiano Taboada, Carlos Alberto"]
[Result "1/2-1/2"]
[WhiteElo "2290"]
[BlackElo "2225"]
[PlyCount "87"]
[EventDate "1994.??.??"]
[EventType "swiss"]
[EventRounds "9"]
[EventCountry "PER"]
[SourceTitle "EXT 1997"]
[Source "ChessBase"]
[SourceDate "1996.11.15"]
[SourceVersion "1"]
[SourceVersionDate "1996.11.15"]
[SourceQuality "1"]

1. c4 g6 2. Nf3 Bg7 3. Nc3 c5 4. e3 Nc6 5. d4 cxd4 6. exd4 d6 7. Be2 Bg4 8. d5 Bxf3 9. Bxf3 Ne5 10. Be2 Nf6 11. 0-0 0-0 12. Be3 a6 13. Rc1 Qa5 14. a3 Ned7 15. Qd2 Rfc8 16. b4 Qc7 17. Bd4 Ne8 18. Bg4 Bxd4 19. Qxd4 Nef6 20. Bxd7 Qxd7 21. Rfe1 Rc7 22. Ne4 Nxe4 23. Rxe4 Rac8 24. h4 h5 25. Rc3 b5 26. c5 dxc5 27. bxc5 a5 28. Re5 Qg4 29. Re4 Qd7 30. c6 Qd6 31. Rg3 Rd8 32. Rg5 Rxc6 33. dxc6 Qxd4 34. Rxd4 Rxd4 35. Rc5 Rd8 36. Rxb5 Rd1+ 37. Kh2 Rc1 38. Rb6 Rc3 39. Ra6 Kg7 40. Rxa5 Rxc6 41. Re5 Kf6 42. Re3 Rc4 43. g3 e5 44. Kg2 1/2-1/2

[Event "PER-ch 41st"]
[Site "Peru"]
[Date "1993.??.??"]
[Round "?"]
[White "Gonzales, Manuel"]
[Black "Iriarte, W."]
[Result "0-1"]
[WhiteElo "2250"]
[BlackElo "2065"]
[PlyCount "92"]
[EventDate "1993.??.??"]
[EventType "swiss"]
[EventRounds "9"]
[EventCountry "PER"]
[SourceTitle "EXT 2004"]
[Source "ChessBase"]
[SourceDate "2003.11.25"]
[SourceVersion "1"]
[SourceVersionDate "2003.11.25"]
[SourceQuality "1"]

1. e4 c5 2. Nf3 d6 3. d4 cxd4 4. Nxd4 Nf6 5. Nc3 g6 6. Be3 Bg7 7. f3 Nc6 8. Qd2 h5 9. 0-0-0 Bd7 10. Kb1 Rc8 11. h3 a6 12. f4 b5 13. a3 Qc7 14. Be2 b4 15. axb4 Nxb4 16. Bf3 Nc6 17. e5 dxe5 18. Nxc6 Bxc6 19. fxe5 Nd7 20. e6 fxe6 21. Bf4 Qb7 22. Rhf1 e5 23. Bxc6 Qxc6 24. Bg5 Nf6 25. Qe3 0-0 26. Qxe5 Qxg2 27. Qe6+ Kh7 28. Rg1 Qb7 29. Rg3 Rxc3 30. Rxc3 Ne4 31. Rb3 Nxg5 32. Qe3 Qf3 33. Qg1 Qf5 34. h4 Nf3 35. Qe3 Nxh4 36. Qxe7 Rc8 37. Rdd3 Qf1+ 38. Ka2 Nf5 39. Qd7 Rxc2 40. Rb7 Rc1 41. Kb3 Rb1 42. Ka4 Ra1+ 43. Kb3 Qb1 44. Kc4 Qc2+ 45. Rc3 Qe4+ 46. Kc5 Ra5+ 0-1

[Event "Bethune op"]
[Site "Bethune"]
[Date "1992.??.??"]
[Round "?"]
[White "Gonzales, Manuel"]
[Black "Bouhallel, Rabah"]
[Result "0-1"]
[WhiteElo "2290"]
[BlackElo "2230"]
[PlyCount "60"]
[EventDate "1992.??.??"]
[EventType "swiss"]
[EventRounds "7"]
[EventCountry "FRA"]
[SourceTitle "EXT 1998"]
[Source "ChessBase"]
[SourceDate "1997.11.17"]
[SourceVersion "1"]
[SourceVersionDate "1997.11.17"]
[SourceQuality "1"]

1. c4 Nf6 2. Nc3 c5 3. Nf3 e6 4. g3 b6 5. Bg2 Bb7 6. d3 Be7 7. Rb1 0-0 8. 0-0 d5 9. cxd5 exd5 10. d4 Nbd7 11. b3 Rc8 12. Bb2 c4 13. bxc4 dxc4 14. Rc1 a6 15. e3 b5 16. a3 Qb6 17. Rc2 Rfd8 18. Qb1 a5 19. Bc1 b4 20. axb4 axb4 21. Rb2 Qa5 22. Ra2 Qh5 23. e4 Rb8 24. Bf4 bxc3 25. Bxb8 Bxe4 26. Qc1 Bxf3 27. Bc7 Rc8 28. Bf4 Nd5 29. Ra5 Bxg2 30. Kxg2 Nxf4+ 0-1